000
00300nam a2200133Ia 4500
100
_a
Kohavi /Zvi
942
_c
BK
654
_a
automata theory
245
_a
Switching and finite automata theory
260
_b
Tata McGraw-Hill
_a
New Delhi
_c
1992
300
_a
658
546
_a
ENGLISH
999
_c
30877
_d
30877